[Event "Sachsen-Anhalt-ch Seniors 14th"]
[Site "Osterburg"]
[Date "2006.06.13"]
[Round "4"]
[White "Pape, Manfred"]
[Black "Schwager, Kurt"]
[Result "1-0"]
[WhiteElo "2068"]
[BlackElo "1833"]
[PlyCount "117"]
[EventDate "2006.06.10"]
[EventType "swiss"]
[EventRounds "7"]
[EventCountry "GER"]
[SourceTitle "EXT 2007"]
[Source "ChessBase"]
[SourceDate "2006.11.23"]
[SourceVersion "1"]
[SourceVersionDate "2006.11.23"]
[SourceQuality "1"]

1. Nf3 Nc6 2. c4 e5 3. Nc3 Nf6 4. g3 Bb4 5. Bg2 Bxc3 6. bxc3 d6 7. 0-0 0-0 8. d3 h6 9. Rb1 Qe7 10. Nd2 Nd8 11. Qc2 c5 12. Re1 Qc7 13. Nf1 Bd7 14. Ne3 Bc6 15. Nd5 Bxd5 16. cxd5 b6 17. c4 Nh7 18. e4 f6 19. a4 Nf7 20. Bd2 Rfb8 21. Rb2 Nf8 22. Reb1 Nd7 23. Qd1 Rd8 24. Bh3 Nf8 25. Bf5 g6 26. Bg4 Kg7 27. h4 h5 28. Bh3 Nh6 29. Qf3 Nh7 30. Be6 Rf8 31. Qe3 Ng8 32. Qe2 Nh6 33. f4 f5 34. fxe5 Ng4 35. exd6 Qxd6 36. Bf4 Qe7 37. exf5 gxf5 38. a5 Qf6 39. axb6 axb6 40. Rxb6 Qd4+ 41. Kg2 Ra3 42. Rb7+ Kh8 43. Bc1 Qxd3 44. Qxd3 Rxd3 45. R1b6 Rd1 46. Bf4 Rd4 47. d6 Re4 48. Bd5 Re2+ 49. Kf1 Rfe8 50. Rb1 Nhf6 51. d7 Nxd7 52. Rxd7 Nf6 53. Ra7 Ng4 54. Ra8 Kg7 55. Rxe8 Rxe8 56. Rb7+ Kf6 57. Rb6+ Kg7 58. Rc6 Rb8 59. Bxb8 1-0

[Event "Sachsen-Anhalt-ch Seniors 14th"]
[Site "Osterburg"]
[Date "2006.06.10"]
[Round "1"]
[White "Schwager, Kurt"]
[Black "Heinke, Richard"]
[Result "1-0"]
[WhiteElo "1833"]
[BlackElo "1495"]
[PlyCount "41"]
[EventDate "2006.06.10"]
[EventType "swiss"]
[EventRounds "7"]
[EventCountry "GER"]
[SourceTitle "EXT 2007"]
[Source "ChessBase"]
[SourceDate "2006.11.23"]
[SourceVersion "1"]
[SourceVersionDate "2006.11.23"]
[SourceQuality "1"]

1. e4 c5 2. Nc3 d6 3. Bc4 e6 4. Nf3 Nf6 5. d4 cxd4 6. Nxd4 a6 7. 0-0 b5 8. Bd3 Be7 9. Nce2 0-0 10. Ng3 e5 11. Ndf5 Bxf5 12. Nxf5 Nbd7 13. Qf3 Nc5 14. Bh6 Ne6 15. Be3 Rc8 16. a4 b4 17. a5 Rc6 18. Bb6 Qd7 19. Bxa6 Rxc2 20. Qb3 Rd2 21. Qxb4 1-0

[Event "Sachsen-Anhalt-ch Seniors 13th "]
[Site "Osterburg"]
[Date "2005.06.14"]
[Round "5"]
[White "Schwager, Kurt"]
[Black "Reimann, Hubert"]
[Result "1/2-1/2"]
[WhiteElo "1868"]
[BlackElo "1876"]
[PlyCount "91"]
[EventDate "2005.06.10"]
[EventType "swiss"]
[EventRounds "7"]
[EventCountry "GER"]
[SourceTitle "EXT 2007"]
[Source "ChessBase"]
[SourceDate "2006.11.23"]
[SourceVersion "1"]
[SourceVersionDate "2006.11.23"]
[SourceQuality "1"]

1. e4 c5 2. Nc3 d6 3. Nf3 a6 4. a4 Nf6 5. d4 cxd4 6. Nxd4 e5 7. Nf3 Qc7 8. Bg5 Nbd7 9. Be2 b6 10. Bxf6 Nxf6 11. Nd5 Nxd5 12. exd5 g6 13. 0-0 Bg7 14. c4 a5 15. Rb1 Bd7 16. b3 0-0 17. Qd2 f5 18. Rbd1 Rae8 19. h3 h6 20. Nh2 e4 21. f4 exf3 22. Nxf3 Qc5+ 23. Kh1 Re3 24. Bd3 g5 25. Rfe1 f4 26. Rxe3 fxe3 27. Qe2 g4 28. hxg4 Bxg4 29. Rf1 Be5 30. Qe1 Bxf3 31. gxf3 Qd4 32. Be4 Bf4 33. Qh4 Qf6 34. Qxf6 Rxf6 35. Rg1+ Kf8 36. Rg2 Bg5 37. Kg1 Rf4 38. Kf1 Ke7 39. Ke2 Kf6 40. Kxe3 Rg4+ 41. Kf2 Rxg2+ 42. Kxg2 Ke5 43. Kg3 Be3 44. Kg4 Kd4 45. Bg6 Kc3 46. Be8 1/2-1/2

[Event "Sachsen-Anhalt-ch Seniors 13th "]
[Site "Osterburg"]
[Date "2005.06.13"]
[Round "4"]
[White "Granitzki, Werner"]
[Black "Schwager, Kurt"]
[Result "1/2-1/2"]
[WhiteElo "1771"]
[BlackElo "1868"]
[PlyCount "123"]
[EventDate "2005.06.10"]
[EventType "swiss"]
[EventRounds "7"]
[EventCountry "GER"]
[SourceTitle "EXT 2007"]
[Source "ChessBase"]
[SourceDate "2006.11.23"]
[SourceVersion "1"]
[SourceVersionDate "2006.11.23"]
[SourceQuality "1"]

1. d4 b6 2. e4 Bb7 3. Bd3 e6 4. Nf3 c5 5. c3 cxd4 6. Nxd4 Nc6 7. Be3 Nge7 8. Nd2 g6 9. Nb5 Nc8 10. Qe2 a6 11. Nd4 Bg7 12. N4f3 d6 13. Bg5 N8e7 14. Nb3 Qc7 15. Qe3 h6 16. Bxe7 Nxe7 17. Nbd4 d5 18. e5 Nc6 19. Nxc6 Bxc6 20. 0-0 b5 21. Rfe1 0-0 22. Nd4 Bd7 23. f4 Qd8 24. g4 Re8 25. Qg3 Kh8 26. Re2 g5 27. f5 f6 28. exf6 Bxf6 29. Nxe6 Qb6+ 30. Qf2 Qxf2+ 31. Kxf2 Bxe6 32. fxe6 Re7 33. Bf5 d4 34. cxd4 Bxd4+ 35. Kf3 Kg7 36. Rd1 Bf6 37. Rd7 Ra7 38. Rxa7 Rxa7 39. Rd2 Kf8 40. b3 Ke7 41. Rc2 b4 42. Rc8 Bg7 43. Ke4 Kd6 44. Rd8+ Ke7 45. Rb8 a5 46. Kd5 Bc3 47. Bd3 a4 48. Bc4 axb3 49. axb3 Kf6 50. Bb5 Re7 51. Rf8+ Kg7 52. Rf3 Ra7 53. Bd7 Bf6 54. Kc6 Ra5 55. Kd6 Re5 56. Bc6 Re2 57. h3 Re1 58. Bd5 Re2 59. Bc4 Re4 60. Rf5 Re3 61. Rb5 Rxh3 62. Rxb4 1/2-1/2

[Event "Sachsen-Anhalt-ch Seniors 12th"]
[Site "Osterburg"]
[Date "2004.06.15"]
[Round "3"]
[White "Werchan, Hans"]
[Black "Schwager, Kurt"]
[Result "1-0"]
[WhiteElo "1979"]
[BlackElo "1862"]
[PlyCount "37"]
[EventDate "2004.06.13"]
[EventType "swiss"]
[EventRounds "7"]
[EventCountry "GER"]
[SourceTitle "EXT 2007"]
[Source "ChessBase"]
[SourceDate "2006.11.23"]
[SourceVersion "1"]
[SourceVersionDate "2006.11.23"]
[SourceQuality "1"]

1. Nf3 b6 2. e4 Bb7 3. Nc3 e6 4. d4 Bb4 5. Bd3 Ne7 6. 0-0 Bxc3 7. bxc3 0-0 8. Qe2 f5 9. Ba3 d6 10. Ng5 Qd7 11. exf5 exf5 12. Qe6+ Qxe6 13. Nxe6 Rc8 14. Rfe1 g6 15. Nxc7 Rxc7 16. Bxd6 Rxc3 17. Rxe7 Bd5 18. Re8+ Kf7 19. Rxb8 1-0

[Event "Sachsen-Anhalt-ch Seniors 12th"]
[Site "Osterburg"]
[Date "2004.06.13"]
[Round "1"]
[White "Schwager, Kurt"]
[Black "Hanke, Gerhard"]
[Result "1-0"]
[WhiteElo "1862"]
[BlackElo "1514"]
[PlyCount "47"]
[EventDate "2004.06.13"]
[EventType "swiss"]
[EventRounds "7"]
[EventCountry "GER"]
[SourceTitle "EXT 2007"]
[Source "ChessBase"]
[SourceDate "2006.11.23"]
[SourceVersion "1"]
[SourceVersionDate "2006.11.23"]
[SourceQuality "1"]

1. e4 e5 2. Bc4 Bc5 3. Nc3 Nf6 4. d3 Nc6 5. a3 a6 6. Be3 Nd4 7. h3 b5 8. Ba2 c6 9. Nce2 d5 10. c3 Nxe2 11. Qxe2 Be7 12. Nf3 Qc7 13. Bg5 dxe4 14. dxe4 c5 15. Bxf6 Bxf6 16. Bd5 Bb7 17. c4 Rd8 18. 0-0 b4 19. axb4 cxb4 20. Ra4 Bxd5 21. cxd5 a5 22. Qb5+ Rd7 23. Rxa5 Be7 24. Ra8+ 1-0